000 00755nmm a2200253 a 4500
003 AR-BaBNM
005 20251128211456.0
008 164020s2004 ||||||||||||||000 | spa||
020 _a958-682-515-9
040 _cAR-BaBNM
245 1 0 _aLos recursos del desarrollo
_blecciones de seis aglomeraciones agroindustriales de América Latina
260 _aBogotá
_bCepal
_c2004
_bAlfaomega
300 0 _a128 p.
_btablas, gráfs.
650 4 _aDESARROLLO INDUSTRIAL
650 4 _aINDUSTRIA AGRICOLA
650 4 _aTECNOLOGIA INDUSTRIAL
650 4 _aTRABAJADORES AGRICOLAS
650 4 _aINTEGRACION ECONOMICA
651 4 _aAmérica Latina
653 0 _aGLOBALIZACION
700 1 _aGuaipatín, Carlos
_ecompilador
942 _cBK
998 _cmariana
999 _c19804
_d19804